=LDR 00000nam 2200000 4500 =001 INLIS000000000039644 =005 20130612145247 =008 ***********************************ind** =035 ##$$0010-061300000039644 =041 ##$$a ind =082 ##$$a 813 =090 ##$$a 813All d =100 ##$$a Allende, Isabela =245 ##$$a Daughter of Fortune, Putri Keberuntungan, Isabel Allende =260 ##$$a 2009 $b Jakarta =300 ##$$a 550 hlm, 22 cm =850 ##$$a NBPNMAT =990 ##$$a 21194844/BPAP-NTB/2014 =990 ##$$a 0001/BPAP-NTB/20142014 =990 ##$$a 0001/BPAP-NTB/20142014 =990 ##$$a 0001/BPAP-NTB/2016 =990 ##$$a 0001/BPAP-NTB/2016